000 00295nam a22001217a 4500
008 170320b xxu||||| |||| 00| 0 eng d
041 _aeng
080 _22ND
_a616.8
100 _a7
101 _aSHM
245 _aTHE FORM AND FUNCTIONS OF THE CENTRAL NERVOUS SYSTEM
_cTILNEY, F
942 _2udc
_cBK
999 _c8142
_d8142